000 00630nam a2200253Ia 4500
005 20260121161006.0
008 008 260114s9999 xx 000 0 eng d
020 _a9780203858530
037 _aEBOOK
040 _aCRL
040 _beng
040 _cCRL
041 _2eng
041 _aeng
084 _qCRL
100 _a Gregory A. Smith; David Sobel
_91038862
245 0 _aPlace- and Community-Based Education in Schools
260 _bTaylor and Francis
260 _c2010
856 _uhttp://www.taylorfrancis.com/books/9780203858530
942 _cEBOOK
999 _c1605678
_d1605678